[Event "Cologne Longerich op-A 13th"]
[Site "Cologne"]
[Date "2016.08.13"]
[Round "2"]
[White "Rokitta, Uwe"]
[Black "Seidel, Florian"]
[Result "1/2-1/2"]
[WhiteElo "1908"]
[BlackElo "1803"]
[PlyCount "123"]
[EventDate "2016.08.12"]
[EventType "swiss"]
[EventRounds "5"]
[EventCountry "GER"]
[SourceTitle "EXT 2022"]
[Source "ChessBase"]
[SourceDate "2021.10.06"]
[SourceVersion "1"]
[SourceVersionDate "2021.10.06"]
[SourceQuality "1"]

1. e4 c5 2. d4 cxd4 3. c3 dxc3 4. Nxc3 e6 5. Nf3 Nc6 6. Bc4 Qc7 7. 0-0 Nf6 8. Nb5 Qb8 9. e5 Nxe5 10. Bf4 Nxf3+ 11. Qxf3 d6 12. Rac1 Bd7 13. Rfd1 e5 14. Nc7+ Kd8 15. Bg5 Be7 16. Nxa8 Rf8 17. Nb6 axb6 18. Qb3 Ke8 19. Bb5 h6 20. Be3 d5 21. Bxb6 Bd6 22. Rc2 Ke7 23. Bxd7 Kxd7 24. Rdc1 Ke7 25. Bc7 Qa8 26. Bxd6+ Kxd6 27. Qb6+ Ke7 28. Rc7+ Nd7 29. Rxb7 Rd8 30. Qb5 Qxa2 31. h3 f6 32. Rcc7 Qb1+ 33. Kh2 Qf5 34. Qxd5 Qe6 35. Qb5 Qd6 36. Qa4 Qd2 37. Qg4 Qf4+ 38. Qxf4 exf4 39. Rc4 g5 40. b4 Rb8 41. Ra7 Rb6 42. Rcc7 Rd6 43. g3 fxg3+ 44. Kxg3 f5 45. Kf3 Rd3+ 46. Ke2 Rd6 47. b5 Ke6 48. Ra6 h5 49. Rxd6+ Kxd6 50. Rc6+ Kd5 51. Rh6 h4 52. Rh7 Ne5 53. Rh5 Nf7 54. Rh7 Nd6 55. Rg7 Nxb5 56. Rxg5 Ke4 57. Rh5 Nd4+ 58. Kf1 Nf3 59. Rh8 Kf4 60. Ra8 Ke4 61. Ra4+ Nd4 62. Kg2 1/2-1/2

[Event "Cologne Longerich op-A 13th"]
[Site "Cologne"]
[Date "2016.08.13"]
[Round "3"]
[White "Seidel, Florian"]
[Black "Suvorov, Luca"]
[Result "0-1"]
[WhiteElo "1803"]
[BlackElo "1997"]
[PlyCount "52"]
[EventDate "2016.08.12"]
[EventType "swiss"]
[EventRounds "5"]
[EventCountry "GER"]
[SourceTitle "EXT 2022"]
[Source "ChessBase"]
[SourceDate "2021.10.06"]
[SourceVersion "1"]
[SourceVersionDate "2021.10.06"]
[SourceQuality "1"]

1. e4 c6 2. d4 d5 3. exd5 cxd5 4. Bd3 Nc6 5. c3 Qc7 6. Ne2 Bg4 7. 0-0 e6 8. f3 Bh5 9. Bf4 Bd6 10. Bxd6 Qxd6 11. Ng3 Bg6 12. f4 Bxd3 13. Qxd3 g6 14. Nd2 Nge7 15. Rae1 0-0 16. Nf3 Qxf4 17. Ne5 Nxe5 18. Rxe5 Qh4 19. Qd2 Nc6 20. Rf4 Qe7 21. Nh5 gxh5 22. Rxh5 f5 23. Rfh4 Rf7 24. Qe3 Raf8 25. b4 a6 26. a4 Rg7 0-1